| 000 | 00478nam a2200181Ia 4500 | ||
|---|---|---|---|
| 008 | 131103s9999 xx 000 0 und d | ||
| 040 | _aLoreto College | ||
| 041 | _aEnglish | ||
| 082 |
_a372/LYN _bLCBED/1270 |
||
| 100 | _aLynch, A.J. | ||
| 245 |
_aIndividual work and the dalton plan _cA.J. Lynch |
||
| 260 |
_aLondon _bGeorge philip _c1924 |
||
| 300 |
_a264p. _c 22cm. |
||
| 650 | _aEducation | ||
| 651 | _aElementary education | ||
| 850 | _aLCBED/372/LYN | ||
| 942 | _cBK | ||
| 999 |
_c26161 _d76640 |
||